TRAINING INSTRUMENTS IN HRD AND OD (Record no. 31733)
[ view plain ]
| 000 -LEADER | |
|---|---|
| fixed length control field | 00361nam a2200145Ia 4500 |
| 008 - FIXED-LENGTH DATA ELEMENTS--GENERAL INFORMATION | |
| fixed length control field | 240624s9999 xx 000 0 und d |
| 041 ## - LANGUAGE CODE | |
| Language code of text/sound track or separate title | eng |
| 082 ## - DEWEY DECIMAL CLASSIFICATION NUMBER | |
| Classification number | 658.3124 PAR |
| 100 ## - MAIN ENTRY--PERSONAL NAME | |
| Personal name | PAREEK UDAI |
| 245 ## - TITLE STATEMENT | |
| Title | TRAINING INSTRUMENTS IN HRD AND OD |
| 250 ## - EDITION STATEMENT | |
| Edition statement | (4th ed.) |
| 260 ## - PUBLICATION, DISTRIBUTION, ETC. | |
| Date of publication, distribution, etc. | 2018 |
| Place of publication, distribution, etc. | New Delhi |
| Name of publisher, distributor, etc. | Sage |
| 300 ## - PHYSICAL DESCRIPTION | |
| Extent | xxvi, 613 p.; 23 cm. |
| 365 ## - TRADE PRICE | |
| Currency code | RS |
| Price amount | 35 |
| Withdrawn status | Lost status | Damaged status | Not for loan | Home library | Current library | Shelving location | Date acquired | Full call number | Barcode | Date last seen | Copy number | Price effective from | Koha item type |
|---|---|---|---|---|---|---|---|---|---|---|---|---|---|
| IMTN | IMTN | Rack 26-A | 04/25/2019 | 658.3124 PAR | 31733 | 06/24/2024 | 1 | 06/24/2024 | Books |